000 00558nam a2200241 a 4500
001 nice12345678
003 IN_TiNIC
005 20260116011448.0
008 050524s1961 a grp 000 0 eng
020 _a
_c2256
082 0 0 _a340.59
_bMAH3
100 _aMahmassani, S
245 _aFalsafat Al-Tashri Fi Al-Islam
260 _a
_b
_c1961
300 _a217p
500 _aincludes index and biblioraphy
505 2 _aIndex
650 _aIslamic-Law Jurisprudence
700 1 _aMahmassani, S
902 _bSRS
942 _cBK
999 _c1759
_d1759